00950nam a2200241 i 450000100060000000300090000600500170001500700030003200800410003508000160007610000280009224502080012026000320032830000290036049000440038965000380043370000240047170000310049570000330052683000440055985200400060385200650064318172ES-MaACL20250628063303.0t|011003s1972 sp ||||1| spa d a338.45(460)1 aMiguel, Amando de.eaut10aDinámica del desarrollo industrial de las regiones españolas / cAmando de Miguel, Juan Salcedo ; con la colaboración de Jaime Martín Moreno ... [et al.] ; prólogo de Román Perpiñá y Grau aMadrid : bTecnos, c[1972] a337 páginas ; c24 cm.1 aSemilla y surco.pSerie de sociología14aDesarrollo industrial-zEspaña.1 aSalcedo, Juan.eaut1 aPerpiñá, Román.eaui1 aMartín Moreno, Jaime.eclb 0aSemilla y surco.pSerie de sociología aES-MaACLjAND-111 bR.109497cDEPO2 aES-MaACLjC-42206 bR.80731cDEPO2hBiblioteca Juan Andrade